书目信息 |
| 题名: |
有效评课的策略与方法
|
|
| 作者: | 林高明 著 | |
| 分册: | ||
| 出版信息: | 福州 福建教育出版社 2013.01 |
|
| 页数: | 229页 | |
| 开本: | 20cm | |
| 丛书名: | ||
| 单 册: | ||
| 中图分类: | G632.421 | |
| 科图分类: | ||
| 主题词: | 教育--各级 | |
| 电子资源: | ||
| ISBN: | 978-7-5334-5320-6 | |
| 000 | 00577nam0 2200193 450 | |
| 001 | 2660190527 | |
| 005 | 20260528164505.13 | |
| 010 | @a978-7-5334-5320-6@dCNY30.00 | |
| 100 | @a20260528d2013 km y0chiy0120 ea | |
| 101 | 0 | @achi |
| 102 | @aCN@b350000 | |
| 200 | 1 | @a有效评课的策略与方法@AYou Xiao Ping Ke De Ce Lue Yu Fang Fa@f林高明著@FLin Gao Ming Zhu |
| 210 | @a福州@c福建教育出版社@d2013.01 | |
| 215 | @a229页@d20cm | |
| 606 | 0 | @a教育@x各级 |
| 690 | @aG632.421@v4 | |
| 701 | 0 | @a林高明@ALin Gao Ming@4著 |
| 801 | 0 | @aCN@b河南城建学院图书馆@c20260528 |
| 905 | @dG632.421@eL494 | |
| 有效评课的策略与方法/林高明著.-福州:福建教育出版社,2013.01 |
| 229页;20cm |
| ISBN 978-7-5334-5320-6:CNY30.00 |
| ● |
| 相关链接 |
|
|
|
正题名:有效评课的策略与方法
索取号:G632.421/L494
 
预约/预借
| 序号 | 登录号 | 条形码 | 馆藏地/架位号 | 状态 | 备注 |
| 1 | 1556903 | 215569034 | 计算机与数据科学学院资料室/ [索取号:G632.421/L494] | 在馆 |